Guía para uso de la CDU : (Record no. 191534)

MARC details
000 -LEADER
campo de control de longitud fija 01243nam a2200349 4500
001 - NÚMERO DE CONTROL
campo de control 191534
003 - IDENTIFICADOR DE NÚMERO DE CONTROL
campo de control SpMaBN
005 - FECHA Y HORA DE LA ÚLTIMA TRANSACCIÓN
campo de control 20250727150808.0
008 - DATOS DE LONGITUD FIJA--INFORMACIÓN GENERAL
campo de control de longitud fija 220927s1995 sp | ||| ||spa
016 7# - NÚMERO DE CONTROL DE UNA AGENCIA BIBLIOGRÁFICA NACIONAL
Número de control del registro bimoBNE19960123129 [
Fuente SpMaBN]
017 ## - NÚMERO DE COPYRIGHT O DE DEPÓSITO LEGAL
Número de copyright o de depósito legal M 29159-1994
Agencia que asigna Oficina Depósito Legal Madrid
020 ## - NÚMERO INTERNACIONAL ESTÁNDAR DEL LIBRO
Número Internacional Estándar del Libro 84-86688-98-1
035 ## - NÚMERO DE CONTROL DEL SISTEMA
Número de control de sistema (OCoLC)51816942
040 ## - FUENTE DE CATALOGACIÓN
Centro catalogador/agencia de origen SpMaBN
Lengua de catalogación spa
Centro/agencia transcriptor SpMaBN
Normas de descripción rdc
080 ## - NÚMERO DE LA CLASIFICACIÓN DECIMAL UNIVERSAL
Número de la Clasificación Decimal Universal 025.45 CDU (083.74)
100 1# - ENTRADA PRINCIPAL--NOMBRE DE PERSONA
Nombre de persona McIlwaine, Ia.
9 (RLIN) 175277
245 10 - MENCIÓN DEL TÍTULO
Título Guía para uso de la CDU :
Resto del título Clasificación Decimal Universal : una guía introductoria para el uso y aplicación de la CDU /
Mención de responsabilidad, etc. por I.C. McIlwaine, con participación de A. Buxton.
250 ## - MENCION DE EDICION
Mención de edición Ed. en castellano.
260 ## - PUBLICACIÓN, DISTRIBUCIÓN, ETC.
Lugar de publicación, distribución, etc. [Madrid] :
Nombre del editor, distribuidor, etc. AENOR,
Fecha de publicación, distribución, etc. [1994]
300 ## - DESCRIPCIÓN FÍSICA
Extensión 121 p. ;
Dimensiones 30 cm.
490 1# - MENCIÓN DE SERIE
Mención de serie FID ;
Designación de volumen o secuencia n. 703
594 ## - Nota al título y mención de responsabilidad
Nota al título y mención de responsabilidad 121 p. ;
594 ## - Nota al título y mención de responsabilidad
Nota al título y mención de responsabilidad Tít. tomado de la cub.
594 ## - Nota al título y mención de responsabilidad
Nota al título y mención de responsabilidad Precede al tít.: UDC Consortium
650 #7 - PUNTO DE ACCESO ADICIONAL DE MATERIA--TÉRMINO DE MATERIA
Término de materia o nombre geográfico como elemento de entrada Clasificación decimal universal
Fuente del encabezamiento o término embne
9 (RLIN) 164660
830 1# - PUNTO DE ACCESO ADICIONAL DE SERIE-TÍTULO UNIFORME
Título uniforme FID ;
Designación de volumen o secuencia n. 703
9 (RLIN) 226037
830 #0 - PUNTO DE ACCESO ADICIONAL DE SERIE-TÍTULO UNIFORME
Título uniforme FID publication ;
Designación de volumen o secuencia no. 703.
9 (RLIN) 226038
852 ## - LOCALIZACIÓN
Ubicación ES-MaACL
Número de control de estantería A-15124
itemnumber 198782
Ubicación en estantería Depósito 1
Signatura antigua Olim: 025.45 CDU MCI gui
942 ## - ELEMENTOS DE ENTRADA SECUNDARIOS (KOHA)
Fuente del sistema de clasificación o colocación Clasificación decimal universal
Holdings
Estatus retirado Estado de pérdida Fuente del sistema de clasificación o colocación Estado de daño No para préstamo Colección Biblioteca de origen Biblioteca actual Ubicación en estantería Fecha de adquisición Total de préstamos Signatura topográfica completa Código de barras Visto por última vez Precio de reemplazo Tipo de ítem Koha
    Clasificación decimal universal     Biblioteca profesional Biblioteca del Ateneo de Madrid Biblioteca del Ateneo de Madrid Depósito 1 27/09/2022   A-15124 1203932 23/02/2023 23/02/2023 Libro impreso